[Event "Collado Villalba op-A 35th"]
[Site "Collado Villalba ESP"]
[Date "2018.08.29"]
[Round "6.16"]
[White "Fernandez Garcia, Ignacio"]
[Black "Perez Vazquez, Manuel"]
[Result "0-1"]
[WhiteElo "1811"]
[BlackElo "1903"]
[PlyCount "94"]
[EventDate "2018.08.24"]
[EventType "swiss"]
[EventRounds "9"]
[EventCountry "ESP"]
[SourceTitle "Ajedrez en Madrid"]
[Source "lmi"]
[SourceDate "2018.08.24"]

1. e4 g6 2. d4 Bg7 3. Be3 d6 4. Qd2 a6 5. Nc3 b5 6. f3 Bb7 7. Bd3 Nd7 8. Nd1 c6
9. c3 e5 10. Ne2 c5 11. d5 c4 12. Bc2 Bh6 13. O-O Bxe3+ 14. Nxe3 Ngf6 15. Ng4
Nxg4 16. fxg4 f6 17. Qh6 Qe7 18. Ng3 Qf8 19. Qe3 Qe7 20. Rf2 O-O 21. Raf1 Qg7
22. h4 Nc5 23. h5 Qe7 24. Kh2 Rad8 25. Rh1 Bc8 26. Qf3 Rf7 27. Kg1 Rdf8 28. Nf1
Qd7 29. hxg6 hxg6 30. Ne3 Rh7 31. Rh3 Rxh3 32. gxh3 Qe7 33. h4 Rf7 34. Kg2 Kf8
35. Kg3 f5 36. exf5 e4 37. Qf4 gxf5 38. Qh6+ Kg8 39. Nxf5 Bxf5 40. gxf5 e3 41.
Rf4 Rg7+ 42. Kf3 e2 43. f6 e1=N+ 44. Kf2 Ncd3+ 45. Kf1 Rg1+ 46. Kxg1 Qe3+ 47.
Kh2 Qe2+ 0-1

[Event "Collado Villalba op-A 35th"]
[Site "Collado Villalba ESP"]
[Date "2018.08.29"]
[Round "6.17"]
[White "Sancho Castiello, Federico"]
[Black "Camacho Casado, Natalio"]
[Result "1/2-1/2"]
[WhiteElo "1795"]
[BlackElo "1836"]
[PlyCount "94"]
[EventDate "2018.08.24"]
[EventType "swiss"]
[EventRounds "9"]
[EventCountry "ESP"]
[SourceTitle "Ajedrez en Madrid"]
[Source "lmi"]
[SourceDate "2018.08.24"]

1. e4 c5 2. Nf3 e6 3. d4 cxd4 4. Nxd4 a6 5. Nc3 Qc7 6. Bd3 Nf6 7. f4 d6 8. Qf3
Nbd7 9. g4 Nc5 10. g5 Nxd3+ 11. cxd3 Nd7 12. Be3 b5 13. Rc1 Nc5 14. Qe2 Qd7 15.
b4 Na4 16. Nxa4 bxa4 17. a3 Bb7 18. O-O Be7 19. f5 e5 20. Nf3 g6 21. Nh4 d5 22.
fxg6 hxg6 23. Qf2 Rh7 24. Nf3 Qg4+ 25. Qg3 Qxg3+ 26. hxg3 dxe4 27. dxe4 Bxe4
28. Nxe5 Rh1+ 29. Kf2 Rh2+ 30. Ke1 Bd5 31. Rc3 Bb3 32. Rf2 Rh5 33. Nf3 Rd8 34.
Nd2 Bd5 35. Re2 Kf8 36. Bb6 Re8 37. Bc5 Bxc5 38. Rxe8+ Kxe8 39. Rxc5 Rxg5 40.
Kf2 Rf5+ 41. Ke3 Be6 42. Ne4 Rf1 43. Ra5 Re1+ 44. Kd4 Rd1+ 45. Kc3 Re1 46. Kd4
Rd1+ 47. Kc3 Re1 1/2-1/2

[Event "Collado Villalba op-A 35th"]
[Site "Collado Villalba ESP"]
[Date "2018.08.30"]
[Round "7.1"]
[White "Quispe Arteaga, Gabriel"]
[Black "Mkrtchyan, Levon"]
[Result "1-0"]
[WhiteElo "2312"]
[BlackElo "2128"]
[PlyCount "89"]
[EventDate "2018.08.24"]
[EventType "swiss"]
[EventRounds "9"]
[EventCountry "ESP"]
[SourceTitle "Ajedrez en Madrid"]
[Source "lmi"]
[SourceDate "2018.08.24"]

1. d4 Nf6 2. c4 c5 3. d5 b5 4. cxb5 a6 5. bxa6 g6 6. Nc3 Bg7 7. e4 O-O 8. Nf3
Qa5 9. Bd2 Bxa6 10. Be2 Bxe2 11. Qxe2 Qa6 12. e5 Ne8 13. O-O Qxe2 14. Nxe2 d6
15. Bc3 Nd7 16. exd6 Nxd6 17. Bxg7 Kxg7 18. Nc3 Nf6 19. Rfe1 Ra7 20. Ne5 Rb7
21. b3 Rd8 22. Rad1 Nf5 23. Nc4 Rbd7 24. Nb6 Rd6 25. Nba4 Rc8 26. Rc1 c4 27.
Ne4 Nxe4 28. Rxe4 e6 29. Rexc4 Rxc4 30. Rxc4 Rxd5 31. Nc3 Rd2 32. g3 Rc2 33. b4
e5 34. Rc5 Nd4 35. Kg2 Ne6 36. Rc4 Nd4 37. Rc7 Ne6 38. Rc8 Nd4 39. a4 Ne2 40.
b5 Nxc3 41. a5 e4 42. b6 e3 43. b7 Rxf2+ 44. Kh3 e2 45. Re8 1-0

[Event "Collado Villalba op-A 35th"]
[Site "Collado Villalba ESP"]
[Date "2018.08.30"]
[Round "7.2"]
[White "Valles Moreno, Ivan"]
[Black "Martin Duque, Jesus"]
[Result "1-0"]
[WhiteElo "2416"]
[BlackElo "2378"]
[PlyCount "83"]
[EventDate "2018.08.24"]
[EventType "swiss"]
[EventRounds "9"]
[EventCountry "ESP"]
[SourceTitle "Ajedrez en Madrid"]
[Source "lmi"]
[SourceDate "2018.08.24"]

1. d4 Nf6 2. Nf3 d5 3. c4 c6 4. Nc3 dxc4 5. a4 Bf5 6. e3 e6 7. Bxc4 Bb4 8. O-O
O-O 9. Qe2 Nbd7 10. e4 Bg6 11. Bd3 Bh5 12. e5 Nd5 13. Nxd5 cxd5 14. Qe3 Be7 15.
Ng5 Bxg5 16. Qxg5 Qxg5 17. Bxg5 Bg6 18. Bb5 Nb6 19. a5 Nc8 20. Rfc1 h6 21. Bd2
a6 22. Bd7 Na7 23. Bb4 Rfd8 24. Rc7 Bd3 25. Be7 Rdb8 26. Ra3 Nb5 27. Bxb5 Bxb5
28. Bc5 Bc6 29. Rf3 Be8 30. g4 Kh7 31. Kg2 Kg8 32. h4 Kh7 33. Kg3 Kg8 34. h5
Kh7 35. Kh4 Kg8 36. g5 hxg5+ 37. Kxg5 Kh7 38. Rh3 Rd8 39. h6 Rd7 40. hxg7+ Kxg7
41. Bf8+ Kg8 42. Kf6 1-0

[Event "Collado Villalba op-A 35th"]
[Site "Collado Villalba ESP"]
[Date "2018.08.30"]
[Round "7.3"]
[White "Longa Yauca, Javier"]
[Black "Cao Armillas, Jesus"]
[Result "1-0"]
[WhiteElo "2268"]
[BlackElo "2043"]
[PlyCount "81"]
[EventDate "2018.08.24"]
[EventType "swiss"]
[EventRounds "9"]
[EventCountry "ESP"]
[SourceTitle "Ajedrez en Madrid"]
[Source "lmi"]
[SourceDate "2018.08.24"]

1. c4 e5 2. Nc3 Nf6 3. g3 Bb4 4. Bg2 O-O 5. Qb3 Bxc3 6. bxc3 Nc6 7. d3 Re8 8.
e4 d6 9. h3 Rb8 10. Ne2 Be6 11. Qa3 Nd7 12. Be3 Qe7 13. g4 Nc5 14. Rd1 Bc8 15.
Ng3 a6 16. d4 Nd7 17. d5 Nd8 18. Nf5 Qf8 19. O-O f6 20. c5 Nxc5 21. Bxc5 Bxf5
22. Be3 Bc8 23. Rfe1 Nf7 24. Rb1 Nh8 25. c4 Ng6 26. Rec1 Nf4 27. Bf1 h5 28. f3
hxg4 29. hxg4 g6 30. c5 f5 31. cxd6 cxd6 32. Rb6 Rd8 33. Bxf4 exf4 34. gxf5
gxf5 35. Rc2 Qf6 36. Qb4 Rd7 37. Rg2+ Kf8 38. exf5 a5 39. Qxf4 Rf7 40. Rxd6 Qe7
41. Qh6+ 1-0

[Event "Collado Villalba op-A 35th"]
[Site "Collado Villalba ESP"]
[Date "2018.08.30"]
[Round "7.4"]
[White "Khudov, Oleksandr"]
[Black "Elissalt Cardenas, Hector"]
[Result "0-1"]
[WhiteElo "2021"]
[BlackElo "2323"]
[PlyCount "80"]
[EventDate "2018.08.24"]
[EventType "swiss"]
[EventRounds "9"]
[EventCountry "ESP"]
[SourceTitle "Ajedrez en Madrid"]
[Source "lmi"]
[SourceDate "2018.08.24"]

1. d4 Nf6 2. Bf4 e6 3. e3 b6 4. Nf3 Bb7 5. c3 c5 6. Nbd2 d6 7. h3 Nbd7 8. Bd3
Be7 9. O-O O-O 10. Bh2 Re8 11. e4 Bf8 12. Qe2 e5 13. dxc5 Nxc5 14. c4 a5 15. b3
Nh5 16. Bc2 Nf4 17. Qe3 g5 18. Rad1 h5 19. Nb1 Bh6 20. Kh1 g4 21. Ng1 Re6 22.
Bxf4 exf4 23. Qd4 gxh3 24. Nxh3 Qh4 25. f3 Bg7 26. Qf2 Qf6 27. Na3 Bc6 28. Bb1
Re5 29. Qd2 Bh6 30. Qxd6 Re6 31. Qd4 Re5 32. Nc2 Bd7 33. Rg1 Rae8 34. Qf2 Bg5
35. Nd4 Bh4 36. Qb2 Bg3 37. Qd2 Qh4 38. Nf5 Bxf5 39. exf5 Re2 40. Qd6 Qxh3+ 0-1

[Event "Collado Villalba op-A 35th"]
[Site "Collado Villalba ESP"]
[Date "2018.08.30"]
[Round "7.6"]
[White "Reyes Peñas, Sebastian"]
[Black "Aziz Ortego, Omar Luis"]
[Result "1-0"]
[WhiteElo "2103"]
[BlackElo "2024"]
[PlyCount "135"]
[EventDate "2018.08.24"]
[EventType "swiss"]
[EventRounds "9"]
[EventCountry "ESP"]
[SourceTitle "Ajedrez en Madrid"]
[Source "lmi"]
[SourceDate "2018.08.24"]

1. e4 e6 2. d4 d5 3. Nc3 Bb4 4. Nge2 dxe4 5. a3 Be7 6. Nxe4 Nf6 7. N2g3 Nc6 8.
c3 e5 9. Nxf6+ Bxf6 10. d5 Ne7 11. Bc4 Nf5 12. Nxf5 Bxf5 13. Qa4+ Bd7 14. Qb3
Rb8 15. Be3 b6 16. O-O O-O 17. Rad1 Qe7 18. Rfe1 Qd6 19. Bf1 g6 20. c4 Bg7 21.
Qc2 c5 22. Bd3 f5 23. f3 Rbc8 24. Rb1 Rce8 25. b4 e4 26. fxe4 fxe4 27. Bxe4
cxb4 28. axb4 Rxe4 29. Qxe4 Bf5 30. Qh4 Bxb1 31. Rxb1 Bc3 32. b5 Qe5 33. Bh6
Bd4+ 34. Kh1 Bf2 35. Qg4 Re8 36. Rf1 Bc5 37. Qd7 Qe7 38. Qg4 Qe2 39. Qf4 Qe7
40. Bg5 Qd7 41. Bh6 Qe7 42. Qf3 Bd6 43. Bg5 Qd7 44. Bh6 Qe7 45. Qf2 Bc5 46. Qf3
Bd6 47. Qc3 Qe5 48. Qxe5 Rxe5 49. g3 Re4 50. Rf6 Bc5 51. Rf4 Re2 52. Rf3 Re4
53. Rc3 Kf7 54. Rf3+ Ke8 55. Rc3 Kd7 56. Rc2 Kc8 57. Kg2 Kb7 58. Kf3 Rd4 59.
Bg7 Rd1 60. Kf4 Kc8 61. Kg5 Rf1 62. Kh6 Rf7 63. Re2 Ba3 64. Kxh7 g5 65. Kg6 Rc7
66. Re8+ Kd7 67. Re4 Rc8 68. Kxg5 1-0

[Event "Collado Villalba op-A 35th"]
[Site "Collado Villalba ESP"]
[Date "2018.08.30"]
[Round "7.7"]
[White "Camarero Izquierdo, Juan Carlos"]
[Black "Brull Cortes, Boris"]
[Result "0-1"]
[WhiteElo "1963"]
[BlackElo "2029"]
[PlyCount "92"]
[EventDate "2018.08.24"]
[EventType "swiss"]
[EventRounds "9"]
[EventCountry "ESP"]
[SourceTitle "Ajedrez en Madrid"]
[Source "lmi"]
[SourceDate "2018.08.24"]

1. d4 Nf6 2. Nc3 d5 3. Bg5 Nbd7 4. f3 c6 5. Qd3 Qb6 6. O-O-O Qa5 7. Bxf6 Nxf6
8. e4 e6 9. e5 Nd7 10. f4 c5 11. dxc5 Bxc5 12. Qg3 O-O 13. Nf3 f5 14. h4 Nb6
15. Kb1 Na4 16. Nxa4 Qxa4 17. Ng5 Bd7 18. Qf3 Rac8 19. Bd3 h6 20. g4 fxg4 21.
Qxg4 Rxf4 22. Qh5 hxg5 23. hxg5 Kf8 24. Qg6 Ke7 25. Qxg7+ Rf7 26. Qh6 Rg8 27.
g6 Rfg7 28. Rhf1 Be8 29. Rf4 Qc6 30. Rf6 Kd7 31. Bf5 exf5 32. Rxc6 Kxc6 33. Qd2
d4 34. b4 Bb6 35. Qg2+ Kc7 36. Kb2 Bc6 37. Qg5 Be4 38. a4 a6 39. c4 dxc3+ 40.
Kxc3 Rxg6 41. Qe7+ Kb8 42. a5 Rc8+ 43. Kb2 Rg2+ 44. Kb3 Rg3+ 45. Kb2 Rc2+ 46.
Ka1 Bd4+ 0-1

[Event "Collado Villalba op-A 35th"]
[Site "Collado Villalba ESP"]
[Date "2018.08.30"]
[Round "7.8"]
[White "Martin Martin, Luis Vicente"]
[Black "Carrasco Coquillat, Alvaro"]
[Result "1/2-1/2"]
[WhiteElo "1998"]
[BlackElo "1865"]
[PlyCount "82"]
[EventDate "2018.08.24"]
[EventType "swiss"]
[EventRounds "9"]
[EventCountry "ESP"]
[SourceTitle "Ajedrez en Madrid"]
[Source "lmi"]
[SourceDate "2018.08.24"]

1. d4 Nf6 2. Bf4 g6 3. Nf3 Bg7 4. e3 O-O 5. Be2 d6 6. h3 c5 7. c3 b6 8. O-O Bb7
9. Nbd2 Nbd7 10. a4 a6 11. Bh2 Ra7 12. Re1 Qa8 13. Bf1 Ne4 14. Nxe4 Bxe4 15.
Nd2 Bc6 16. Qb3 b5 17. axb5 Bxb5 18. c4 Bc6 19. d5 Rb8 20. Qd3 Bb7 21. Ra2 Bc8
22. b3 a5 23. f4 a4 24. bxa4 Rb4 25. e4 Bd4+ 26. Kh1 Rbxa4 27. Rxa4 Rxa4 28.
Rb1 Ra3 29. Rb3 Rxb3 30. Nxb3 Bg7 31. Qe2 Qa4 32. Nd2 Bc3 33. e5 dxe5 34. fxe5
Qc2 35. Nf3 Qxe2 36. Bxe2 e6 37. Kg1 Bb7 38. dxe6 fxe6 39. Ng5 Bxe5 40. Bxe5
Nxe5 41. Nxe6 Ba6 1/2-1/2

[Event "Collado Villalba op-A 35th"]
[Site "Collado Villalba ESP"]
[Date "2018.08.30"]
[Round "7.9"]
[White "Pastor Alonso de Prado, Emilio Alberto"]
[Black "Garcia Galeote, Lorenzo"]
[Result "1-0"]
[WhiteElo "2112"]
[BlackElo "1899"]
[PlyCount "57"]
[EventDate "2018.08.24"]
[EventType "swiss"]
[EventRounds "9"]
[EventCountry "ESP"]
[SourceTitle "Ajedrez en Madrid"]
[Source "lmi"]
[SourceDate "2018.08.24"]

1. e4 Nc6 2. Nc3 Nf6 3. Nf3 d6 4. d4 g6 5. d5 Nb8 6. h3 Bg7 7. Bc4 O-O 8. Bg5
h6 9. Be3 c6 10. O-O cxd5 11. exd5 Kh7 12. Re1 Nbd7 13. a4 Ne5 14. Bb3 Nxf3+
15. Qxf3 Nd7 16. a5 Nc5 17. Bxc5 dxc5 18. Qe3 Bd7 19. Qxc5 Re8 20. Qb4 Rb8 21.
Rad1 b6 22. a6 Bf8 23. Qf4 Kg8 24. Rd3 g5 25. Qf3 Qc8 26. Ne4 Bg7 27. d6 e6 28.
Nf6+ Kf8 29. Rc3 1-0

[Event "Collado Villalba op-A 35th"]
[Site "Collado Villalba ESP"]
[Date "2018.08.30"]
[Round "7.10"]
[White "Lopez de Turiso, Jose Angel"]
[Black "Martin Arbeloa, Fernando"]
[Result "1-0"]
[WhiteElo "1990"]
[BlackElo "1918"]
[PlyCount "99"]
[EventDate "2018.08.24"]
[EventType "swiss"]
[EventRounds "9"]
[EventCountry "ESP"]
[SourceTitle "Ajedrez en Madrid"]
[Source "lmi"]
[SourceDate "2018.08.24"]

1. e4 c5 2. Nf3 d6 3. c3 Nf6 4. h3 Nc6 5. Bd3 g6 6. Bc2 Bg7 7. d4 O-O 8. d5 Nb8
9. O-O Nbd7 10. c4 Nb6 11. Qe2 Nfd7 12. a4 a5 13. Rd1 Nb8 14. Nbd2 Qc7 15. Rb1
Na6 16. Nf1 Nb4 17. Bf4 Bd7 18. b3 Na2 19. Bd2 Nc3 20. Bxc3 Bxc3 21. N3h2 Bc8
22. f4 Nd7 23. Nf3 b6 24. g4 Bb7 25. Rd3 Bg7 26. Rbd1 Rfe8 27. Qf2 Rad8 28. Ng3
Nf8 29. Re1 e6 30. Kh2 Re7 31. Rde3 Rde8 32. g5 Bc8 33. f5 exf5 34. exf5 Rxe3
35. Rxe3 Rxe3 36. Qxe3 Qd7 37. Qe4 f6 38. h4 Kf7 39. Qe6+ Qxe6 40. fxe6+ Ke7
41. gxf6+ Bxf6 42. Ne4 Bg7 43. Kg3 Bb7 44. h5 Bc8 45. hxg6 hxg6 46. Kg4 Bf6 47.
Neg5 Bb7 48. Nh4 Bc8 49. Bxg6 Bxg5 50. Kxg5 1-0

[Event "Collado Villalba op-A 35th"]
[Site "Collado Villalba ESP"]
[Date "2018.08.30"]
[Round "7.11"]
[White "Perez Vazquez, Manuel"]
[Black "Lopez Mijail, Nicolas"]
[Result "0-1"]
[WhiteElo "1903"]
[BlackElo "1983"]
[PlyCount "94"]
[EventDate "2018.08.24"]
[EventType "swiss"]
[EventRounds "9"]
[EventCountry "ESP"]
[SourceTitle "Ajedrez en Madrid"]
[Source "lmi"]
[SourceDate "2018.08.24"]

1. d4 Nf6 2. c4 e6 3. Nc3 Bb4 4. f3 d5 5. a3 Bxc3+ 6. bxc3 O-O 7. cxd5 exd5 8.
e3 c5 9. Bd3 Nc6 10. Ne2 Re8 11. O-O b6 12. Ng3 Bb7 13. Ra2 Rc8 14. Re2 Na5 15.
e4 dxe4 16. fxe4 cxd4 17. Bg5 dxc3 18. Bxf6 gxf6 19. Nf5 Nc6 20. Qc1 Nd4 21.
Nh6+ Kf8 22. Ref2 Re6 23. Ng4 Rcc6 24. Qh6+ Ke8 25. Nxf6+ Rxf6 26. Rxf6 Rxf6
27. Rxf6 Ne6 28. Rxe6+ fxe6 29. Qxe6+ Qe7 30. Qg8+ Kd7 31. Bb5+ Kd6 32. Bd3 Ke5
33. Qh8+ Qf6 34. Qxh7 Kd4 35. Bc2 Ke3 36. Qh3+ Kd4 37. Qd3+ Kc5 38. h3 b5 39.
g4 a5 40. Qe3+ Qd4 41. Kf2 b4 42. axb4+ axb4 43. Qxd4+ Kxd4 44. Kf3 Ba6 45. g5
Bd3 46. g6 Bxc2 47. h4 Bxe4+ 0-1

[Event "Collado Villalba op-A 35th"]
[Site "Collado Villalba ESP"]
[Date "2018.08.30"]
[Round "7.12"]
[White "Semprun Martinez, Fernando"]
[Black "Baeza Escudero, Javier"]
[Result "1-0"]
[WhiteElo "2145"]
[BlackElo "1941"]
[PlyCount "83"]
[EventDate "2018.08.24"]
[EventType "swiss"]
[EventRounds "9"]
[EventCountry "ESP"]
[SourceTitle "Ajedrez en Madrid"]
[Source "lmi"]
[SourceDate "2018.08.24"]

1. e4 e6 2. d4 d5 3. Nc3 Nf6 4. e5 Nfd7 5. f4 c5 6. Nf3 Nc6 7. Be3 Qb6 8. Na4
Qc7 9. dxc5 Nxc5 10. Nxc5 d4 11. Nxe6 Bb4+ 12. Bd2 Bxd2+ 13. Qxd2 Bxe6 14. Nxd4
O-O-O 15. Nxe6 fxe6 16. Bd3 g5 17. g3 Rd4 18. O-O-O Rhd8 19. Kb1 gxf4 20. gxf4
Nb4 21. Rhg1 Kb8 22. a3 Nd5 23. f5 exf5 24. Qg5 f4 25. Rde1 f3 26. Rgf1 Rc8 27.
Qf5 Nf4 28. Rxf3 Nxd3 29. cxd3 Qc2+ 30. Ka2 Rd5 31. Rf2 Qc5 32. Rff1 Rcd8 33.
Rc1 Qe7 34. Rfe1 Rxd3 35. e6 R3d6 36. Rc3 Rb6 37. Qf7 Re8 38. Rce3 a6 39. Qf5
Rf8 40. Qe5+ Ka8 41. Rc3 Rf2 42. Rc8+ 1-0

[Event "Collado Villalba op-A 35th"]
[Site "Collado Villalba ESP"]
[Date "2018.08.30"]
[Round "7.13"]
[White "Unciti Juan, Javier"]
[Black "Carrasco Coquillat, Jorge"]
[Result "1-0"]
[WhiteElo "1999"]
[BlackElo "1799"]
[PlyCount "67"]
[EventDate "2018.08.24"]
[EventType "swiss"]
[EventRounds "9"]
[EventCountry "ESP"]
[SourceTitle "Ajedrez en Madrid"]
[Source "lmi"]
[SourceDate "2018.08.24"]

1. e4 c5 2. Nc3 Nc6 3. Bb5 e6 4. Bxc6 bxc6 5. d3 Nf6 6. f4 Be7 7. Nf3 d5 8. e5
Nd7 9. O-O Nb6 10. a4 a5 11. b3 Rb8 12. Bd2 Ra8 13. Qe1 Nd7 14. Qg3 g6 15. Rae1
O-O 16. f5 exf5 17. Ng5 Nb6 18. h4 c4 19. h5 Bxg5 20. Bxg5 Qc7 21. dxc4 dxc4
22. bxc4 Be6 23. Bf6 Nd7 24. Qg5 Nxf6 25. exf6 Qd8 26. Rd1 Qb6+ 27. Kh1 Kh8 28.
hxg6 fxg6 29. Rfe1 c5 30. Qf4 Bf7 31. Rd6 Qb4 32. Re3 Qxc4 33. Qh6 Rg8 34.
Qxh7+ 1-0

[Event "Collado Villalba op-A 35th"]
[Site "Collado Villalba ESP"]
[Date "2018.08.30"]
[Round "7.14"]
[White "Cuellar Gutierrez, Raul"]
[Black "Perez Cameselle, Francisco Jose"]
[Result "1-0"]
[WhiteElo "1927"]
[BlackElo "1790"]
[PlyCount "75"]
[EventDate "2018.08.24"]
[EventType "swiss"]
[EventRounds "9"]
[EventCountry "ESP"]
[SourceTitle "Ajedrez en Madrid"]
[Source "lmi"]
[SourceDate "2018.08.24"]

1. d4 f5 2. Nc3 d5 3. Nf3 e6 4. Bf4 c6 5. g3 Nf6 6. Bg2 Be7 7. O-O O-O 8. Ne5
Nbd7 9. f3 Nxe5 10. Bxe5 Qe8 11. Qd3 Qh5 12. Nd1 Bd7 13. Nf2 g5 14. c4 Rac8 15.
c5 Rce8 16. a4 g4 17. b4 gxf3 18. exf3 a6 19. b5 axb5 20. axb5 Ra8 21. b6 Rfc8
22. Ra7 Rxa7 23. bxa7 Ra8 24. Bb8 Bc8 25. Qe3 Ne8 26. Nh3 Qf7 27. Re1 Bf6 28.
Nf4 Bg5 29. Bf1 Nf6 30. Qe5 Bxf4 31. Qxf4 Ne8 32. Bd3 Nf6 33. Kh1 Nh5 34. Qg5+
Ng7 35. g4 fxg4 36. Qxg4 Qh5 37. Qg3 Qf7 38. Rg1 1-0

[Event "Collado Villalba op-A 35th"]
[Site "Collado Villalba ESP"]
[Date "2018.08.30"]
[Round "7.15"]
[White "Cid Garcia, Ramon"]
[Black "Sotoca Aguado, Jose"]
[Result "1/2-1/2"]
[WhiteElo "1857"]
[BlackElo "1920"]
[PlyCount "96"]
[EventDate "2018.08.24"]
[EventType "swiss"]
[EventRounds "9"]
[EventCountry "ESP"]
[SourceTitle "Ajedrez en Madrid"]
[Source "lmi"]
[SourceDate "2018.08.24"]

1. c4 Nf6 2. g3 g6 3. Bg2 Bg7 4. Nc3 O-O 5. e4 e5 6. Nge2 d6 7. O-O Nc6 8. d3
Be6 9. Nd5 Bxd5 10. cxd5 Ne7 11. Qb3 Rb8 12. Be3 c5 13. dxc6 bxc6 14. Qc2 Qa5
15. Bd2 Qb6 16. Bc3 Nd7 17. Rad1 c5 18. b3 Nc6 19. Bh3 Qb7 20. f4 Nd4 21. Qd2
f5 22. Bxd4 exd4 23. exf5 gxf5 24. Bg2 Qb5 25. Nc1 Rbe8 26. Kh1 Nf6 27. h3 Re6
28. Kh2 Rfe8 29. Rde1 d5 30. Re2 Rxe2 31. Nxe2 Re3 32. Nc1 Bf8 33. Re1 Qe8 34.
Re2 Qe6 35. Bf3 Kg7 36. Kg2 Bd6 37. Kf2 Rxe2+ 38. Qxe2 Qc8 39. Qc2 a5 40. Ne2
Qd7 41. Qd1 Qb5 42. g4 Qe8 43. Qd2 fxg4 44. hxg4 Qe6 45. g5 Ng4+ 46. Bxg4 Qxg4
47. Qxa5 Qh4+ 48. Kg2 Qg4+ 1/2-1/2

[Event "Collado Villalba op-A 35th"]
[Site "Collado Villalba ESP"]
[Date "2018.08.30"]
[Round "7.16"]
[White "Rojas Pozo, Jose Luis"]
[Black "Sancho Castiello, Federico"]
[Result "1-0"]
[WhiteElo "1966"]
[BlackElo "1795"]
[PlyCount "41"]
[EventDate "2018.08.24"]
[EventType "swiss"]
[EventRounds "9"]
[EventCountry "ESP"]
[SourceTitle "Ajedrez en Madrid"]
[Source "lmi"]
[SourceDate "2018.08.24"]

1. d4 Nf6 2. c4 e6 3. Nc3 Bb4 4. Qc2 c5 5. e3 cxd4 6. exd4 Nc6 7. Nf3 d5 8. a3
Bxc3+ 9. bxc3 Ne4 10. Bd3 f5 11. O-O O-O 12. cxd5 exd5 13. Rb1 b6 14. Bb2 Be6
15. c4 Na5 16. cxd5 Rc8 17. Qe2 Bxd5 18. Rbc1 Nc6 19. Rfd1 Kh8 20. Ne5 Bb3 21.
Nxc6 1-0

[Event "Collado Villalba op-A 35th"]
[Site "Collado Villalba ESP"]
[Date "2018.08.31"]
[Round "8.1"]
[White "Valles Moreno, Ivan"]
[Black "Quispe Arteaga, Gabriel"]
[Result "1/2-1/2"]
[WhiteElo "2416"]
[BlackElo "2312"]
[PlyCount "61"]
[EventDate "2018.08.24"]
[EventType "swiss"]
[EventRounds "9"]
[EventCountry "ESP"]
[SourceTitle "Ajedrez en Madrid"]
[Source "lmi"]
[SourceDate "2018.08.24"]

1. d4 Nf6 2. Nf3 e6 3. c4 b6 4. e3 Bb7 5. Bd3 d5 6. cxd5 exd5 7. O-O Bd6 8. b3
O-O 9. Ba3 Bxa3 10. Nxa3 Qe7 11. Nb5 a6 12. Nc3 g6 13. Rc1 Nbd7 14. Qe2 Qd6 15.
Qb2 c6 16. a4 a5 17. Rc2 Ba6 18. Bxa6 Rxa6 19. Rfc1 Rb8 20. Na2 b5 21. Qc3 Qa3
22. axb5 Rxb5 23. Nd2 Ne4 24. Nxe4 Rxb3 25. Nc5 Rxc3 26. Rxc3 Qxa2 27. Nxa6 Nb6
28. R3c2 Qa3 29. Rc3 Qa2 30. R3c2 Qa3 31. Rc3 1/2-1/2

[Event "Collado Villalba op-A 35th"]
[Site "Collado Villalba ESP"]
[Date "2018.08.31"]
[Round "8.2"]
[White "Longa Yauca, Javier"]
[Black "Andrade Sandoval, Bianca"]
[Result "1-0"]
[WhiteElo "2268"]
[BlackElo "1890"]
[PlyCount "71"]
[EventDate "2018.08.24"]
[EventType "swiss"]
[EventRounds "9"]
[EventCountry "ESP"]
[SourceTitle "Ajedrez en Madrid"]
[Source "lmi"]
[SourceDate "2018.08.24"]

1. Nf3 d5 2. g3 Bf5 3. c4 e6 4. Qb3 Nc6 5. Bg2 dxc4 6. Qxb7 Be4 7. Qb5 Qd5 8.
Qa4 Bb4 9. Nc3 Bxc3 10. bxc3 Nf6 11. Ba3 Nd7 12. O-O Rd8 13. Nh4 Bxg2 14. Nxg2
Nb6 15. Qa6 Qxd2 16. Qb7 Qd7 17. Ne3 Rb8 18. Qa6 Ne5 19. Rab1 Qc6 20. Nc2 Ned7
21. Qa5 h6 22. Rb5 a6 23. Nd4 Qa8 24. Rh5 c5 25. Rxc5 O-O 26. Rc6 Rfc8 27. Rd6
Qe4 28. f3 Qe5 29. Qxe5 Nxe5 30. f4 Ng4 31. Nc6 Rb7 32. Rb1 Kh7 33. Na5 Rd7 34.
Rbxb6 Rxd6 35. Rxd6 Nf6 36. Bb4 1-0

[Event "Collado Villalba op-A 35th"]
[Site "Collado Villalba ESP"]
[Date "2018.08.31"]
[Round "8.3"]
[White "Elissalt Cardenas, Hector"]
[Black "Fernandez de Pablo, Miguel Angel"]
[Result "1-0"]
[WhiteElo "2323"]
[BlackElo "2107"]
[PlyCount "47"]
[EventDate "2018.08.24"]
[EventType "swiss"]
[EventRounds "9"]
[EventCountry "ESP"]
[SourceTitle "Ajedrez en Madrid"]
[Source "lmi"]
[SourceDate "2018.08.24"]

1. d4 Nf6 2. c4 g6 3. Nc3 Bg7 4. e4 d6 5. Be2 O-O 6. Be3 c6 7. h4 h5 8. f3 e5
9. d5 cxd5 10. cxd5 a6 11. Nh3 b5 12. Nf2 Nbd7 13. Qd2 Kh7 14. Rc1 Nb6 15. b3
Bd7 16. O-O Ng8 17. g4 hxg4 18. fxg4 f5 19. exf5 gxf5 20. Bg5 Qe8 21. gxf5 Bxf5
22. Nce4 Qd7 23. Rc6 Nc8 24. Rfc1 1-0

[Event "Collado Villalba op-A 35th"]
[Site "Collado Villalba ESP"]
[Date "2018.08.31"]
[Round "8.4"]
[White "Martin Duque, Jesus"]
[Black "Brull Cortes, Boris"]
[Result "1-0"]
[WhiteElo "2378"]
[BlackElo "2029"]
[PlyCount "84"]
[EventDate "2018.08.24"]
[EventType "swiss"]
[EventRounds "9"]
[EventCountry "ESP"]
[SourceTitle "Ajedrez en Madrid"]
[Source "lmi"]
[SourceDate "2018.08.24"]

1. e4 c5 2. Nf3 d6 3. Nc3 Nf6 4. e5 dxe5 5. Nxe5 e6 6. Bb5+ Nbd7 7. d4 a6 8.
Bxd7+ Nxd7 9. Qh5 Nxe5 10. dxe5 Bd7 11. O-O Bc6 12. Bg5 Be7 13. Rad1 Qc7 14.
Bf4 O-O 15. Rd3 g6 16. Qh6 Bd8 17. Rh3 f5 18. exf6 Qf7 19. Be5 Bc7 20. Re1 Rad8
21. Bxc7 Qxc7 22. Rxe6 Qd7 23. Rd6 Qf7 24. Rhd3 Rxd6 25. Rxd6 Re8 26. Qd2 Qc7
27. h3 Re1+ 28. Qxe1 Qxd6 29. Qe3 b5 30. a3 Kf7 31. Qh6 Kxf6 32. Qxh7 b4 33.
Qh4+ Kg7 34. axb4 cxb4 35. Ne4 Qe6 36. Qh7+ Kf8 37. Qh8+ Ke7 38. Qg7+ Kd8 39.
Qd4+ Kc7 40. f3 b3 41. cxb3 Qxb3 42. Qd6+ Kb6 1-0

[Event "Collado Villalba op-A 35th"]
[Site "Collado Villalba ESP"]
[Date "2018.08.31"]
[Round "8.5"]
[White "Mkrtchyan, Levon"]
[Black "Reyes Peñas, Sebastian"]
[Result "1/2-1/2"]
[WhiteElo "2128"]
[BlackElo "2103"]
[PlyCount "78"]
[EventDate "2018.08.24"]
[EventType "swiss"]
[EventRounds "9"]
[EventCountry "ESP"]
[SourceTitle "Ajedrez en Madrid"]
[Source "lmi"]
[SourceDate "2018.08.24"]

1. Nf3 Nf6 2. g3 e6 3. Bg2 d5 4. O-O Be7 5. d3 O-O 6. b3 c5 7. Nbd2 Nc6 8. Bb2
Qc7 9. c4 d4 10. a3 e5 11. Ne1 Ne8 12. Nc2 Rb8 13. b4 b6 14. b5 Nd8 15. e3 Bb7
16. Bxb7 Nxb7 17. exd4 exd4 18. Ne1 Nf6 19. Ng2 Bd6 20. Re1 Rbe8 21. Qf3 Re6
22. Ne4 Nxe4 23. Rxe4 Rfe8 24. Rae1 Rxe4 25. Rxe4 Re5 26. Bc1 Qe7 27. Rxe5 Bxe5
28. Nf4 Nd8 29. Qa8 Qc7 30. Nd5 Qb8 31. Qxb8 Bxb8 32. Bf4 Bxf4 33. gxf4 Kf8 34.
Kg2 Ke8 35. Kf3 f5 36. Kg3 Ne6 37. h4 Kf7 38. h5 h6 39. f3 Ke8 1/2-1/2